000 00944cab a2200301 4500
001 ABS48836
008 090401t1993 xxu||||| |||| 00| 0 eng d
035 _a(Sirsi) u68736
041 _aeng
100 _aButler, R.W.
245 _aProtection of Part II proceedings by registration
260 _c1993
350 _a0
490 _aRent Review & Lease Renewal
_v13(3) Summer 1993, 191-197(7)
520 _aDiscusses the protection of a tenant`s application under Landlord and Tenant Act 1954 Part II by registration and the implications of registered or unregistered titles.
650 _aBELLAMY V SABINE
650 _aCONVEYANCING
650 _aLAND REGISTRATION ACT 1925
650 _aLAND REGISTRATION
650 _aLEASE RENEWAL
650 _aLIS PENDENS
650 _aOCCUPATION
650 _aREVERSION
690 _aLANDLORD AND TENANT-BUSINESS TENANCIES
690 _aLAW
942 _n0
948 _c04/03/1997
999 _c43136
_d43136